[Event "Mallorca-ch U18"]
[Site "Algaida"]
[Date "2020.03.08"]
[Round "4.7"]
[White "Westendorf Vidal, Carles"]
[Black "Chen Chen, Jinhao"]
[Result "1-0"]
[WhiteElo "1625"]
[BlackElo "1516"]
[PlyCount "45"]
[EventDate "2020.02.09"]
[EventType "swiss"]
[EventRounds "6"]
[EventCountry "ESP"]
[SourceTitle "EXT 2024"]
[Source "ChessBase"]
[SourceDate "2023.10.10"]
[SourceVersion "1"]
[SourceVersionDate "2023.10.10"]
[SourceQuality "1"]

1. e4 e5 2. Nf3 Nc6 3. Bc4 Nf6 4. d3 h6 5. Nbd2 Be7 6. Nf1 d5 7. exd5 Nxd5 8. a3 0-0 9. Ng3 Re8 10. 0-0 Nf6 11. h3 Bd6 12. Re1 a6 13. b4 Be6 14. Bxe6 fxe6 15. Bb2 Nd7 16. Ne4 Qe7 17. c4 Nxb4 18. Nxd6 Qxd6 19. axb4 Qxb4 20. Bxe5 Nxe5 21. Nxe5 a5 22. Rb1 Qc3 23. Qb3 1-0

[Event "Balears-ch U12"]
[Site "Eivissa"]
[Date "2018.05.05"]
[Round "4.2"]
[White "Chen Chen, Jinhao"]
[Black "Moll Gener, Joan"]
[Result "0-1"]
[WhiteElo "1136"]
[BlackElo "1776"]
[PlyCount "76"]
[EventDate "2018.05.04"]
[EventType "swiss"]
[EventRounds "5"]
[EventCountry "ESP"]
[SourceTitle "EXT 2024"]
[Source "ChessBase"]
[SourceDate "2023.10.10"]
[SourceVersion "1"]
[SourceVersionDate "2023.10.10"]
[SourceQuality "1"]

1. e4 c5 2. Nc3 a6 3. a4 e6 4. Bc4 b6 5. d4 cxd4 6. Qxd4 Nc6 7. Qd1 Bb7 8. Be3 Nf6 9. Nge2 Rc8 10. 0-0 Be7 11. Qd2 0-0 12. Rad1 Ne5 13. Bd3 d5 14. f4 Nxd3 15. Qxd3 Nxe4 16. Nxe4 dxe4 17. Qxd8 Bxd8 18. Nc3 Bc7 19. Rd7 Rfd8 20. Rfd1 Rxd7 21. Rxd7 Bc6 22. Rd1 Rd8 23. Rxd8+ Bxd8 24. Kf2 f5 25. b3 Kf7 26. Ke2 b5 27. axb5 axb5 28. b4 Be7 29. Bc5 Bxc5 30. bxc5 Bd5 31. Nxd5 exd5 32. Ke3 Ke7 33. h3 Kd7 34. c3 Kc7 35. g4 g6 36. Kd4 Kc6 37. gxf5 gxf5 38. h4 h5 0-1